Accounting: the basis for business decisions (Record no. 4728)
[ view plain ]
| 000 -LEADER | |
|---|---|
| fixed length control field | 00461 a2200145 4500 |
| 020 ## - INTERNATIONAL STANDARD BOOK NUMBER | |
| International Standard Book Number | 0070540896 |
| 040 ## - CATALOGING SOURCE | |
| Original cataloging agency | DLC |
| Language of cataloging | DLC |
| 245 ## - TITLE STATEMENT | |
| Title | Accounting: the basis for business decisions |
| Remainder of title | Jerry J. Weygandt, Donald E. Kieso, Walter G. Kell |
| 250 ## - EDITION STATEMENT | |
| Edition statement | 11th |
| 260 ## - PUBLICATION, DISTRIBUTION, ETC. | |
| Place of publication, distribution, etc. | Boston: |
| Name of publisher, distributor, etc. | Irwin/McGraw-Hill, |
| Date of publication, distribution, etc. | 1999. |
| 300 ## - PHYSICAL DESCRIPTION | |
| Extent | xxvi, 1104 p. : |
| Other physical details | ill. ; |
| Dimensions | 28 cm. |
| 500 ## - GENERAL NOTE | |
| General note | Includes bibliographical references and index |
| 650 ## - SUBJECT ADDED ENTRY--TOPICAL TERM | |
| Topical term or geographic name entry element | Accounting. |
| 942 ## - ADDED ENTRY ELEMENTS (KOHA) | |
| Koha item type | Book |
| Call number prefix | 657 MEI |
| Source of classification or shelving scheme | |
| Withdrawn status | Lost status | Damaged status | Not for loan | Collection code | Permanent Location | Current Location | Shelving location | Date acquired | Source of acquisition | Total Checkouts | Total Renewals | Full call number | Barcode | Date last seen | Date last checked out | Price effective from | Koha item type |
|---|---|---|---|---|---|---|---|---|---|---|---|---|---|---|---|---|---|
| Central Library (CL) | Central Library (CL) | General Stacks | 06/10/2015 | Donation | 1 | 1 | 657 MEI | SEECSD01133 | 04/13/2016 | 02/02/2016 | 06/22/2015 | Book |
